| 000 | 01258cas a2200361 a 4500 | ||
|---|---|---|---|
| 001 | 13090796 | ||
| 003 | SISC | ||
| 005 | 20160901090244.0 | ||
| 008 | 030212c19989999at uu 0 0eng c | ||
| 010 |
_a 2003208674 _z 98172416 |
||
| 020 | _a9781742207834 | ||
| 035 | _a(OCoLC)ocm50706921 | ||
| 040 |
_aCSd _beng _cCSd _dOCoLC _dDLC _dOCoLC _dNN _dOrU _dMH _dOCoLC |
||
| 042 | _apcc | ||
| 043 | _ae-uk-en | ||
| 050 | 0 | 0 |
_aDA 679 _b.P552 1998 |
| 082 | 0 | 4 |
_a914.21204 _bLONDON |
| 130 | 0 | _aLondon (Lonely Planet Publications (Firm)) | |
| 245 | 1 | 0 | _aPhilippines / |
| 246 | 3 | _aLonely Planet London | |
| 246 | 3 | _aLondon city guide | |
| 250 | _a12th edition. | ||
| 260 | 3 |
_aFootscray, Vic. ; _aOakland, CA : _bLonely Planet Publications Pty Ltd, _c2015. |
|
| 300 |
_a476 pages (some color) : _bcolor maps, illustrations ; _c19 cm. |
||
| 362 | 0 | _a1st ed.- | |
| 651 | 0 |
_aLondon (England) _vGuidebooks. |
|
| 710 | 2 | _aLonely Planet Publications (Firm) | |
| 776 | 0 | 8 |
_iOnline version: _tLondon (Lonely Planet Publications (Firm)) _w(OCoLC)654590556 |
| 906 |
_a7 _bcbc _cserials _d2 _encip _f20 _gn-oclcserc |
||
| 942 |
_2lcc _cBK |
||
| 999 |
_c300769 _d300769 |
||